000 01068nam0a22002771 4500
001 RU\INFOCOMM_322\NLR\5000259325
005 20260407111237.0
035 _a(NLR Aleph) 010601925
090 _a10540141
_c10540141
100 _a20130323d1965 |||y0rusy50 ca
101 1 _afre
_crus
102 _aRU
105 _ay z||||
200 1 _aPrincipes de la législation pénale du système judiciaire et de la procédure pénale en URSS
_f[Trad. du russe par L. Piatigorski]
210 _aM.
_c"Progrès"
_d1965
215 _a110 с.
_d21 см
300 _aНа обороте тит. л.: Основы советского уголовного законодательства, судоустройства и уголовного судопроизводства
500 1 0 _6z01712
_aLois et ordonnances
620 _aМосква
686 _aП5с-б(1)
_2rubbk
712 0 1 _4570
_8spa
_aURSS
_7ba
_3RU\NLR\AUTH\8810063229
_9628060
801 1 _aRU
_bInfocomm
_c20130323
801 0 _aRU
_bINFOCOMM
_gPSBO
852 _aNLR
_jП11 Г-3/132
942 _cBOOK
980 _aNB